Minor Civil Divisions (Towns) of Connecticut With a Map - Statistics

General Stats
  • This quiz has been taken 3,508 times
    2,915 since last reset
  • The average score is 71 of 169
Answers on the Map
Answers color-coded by a green-red scale on the quiz's map according to % correct below.
 
Answer Stats
County Town % Correct
Hartford Hartford
92%
New Haven New Haven
89%
Fairfield Bridgeport
80%
Fairfield Stamford
79%
Fairfield Greenwich
77%
New London New London
77%
Hartford West Hartford
76%
Fairfield Danbury
74%
New Haven Waterbury
73%
Hartford East Hartford
72%
Fairfield Fairfield
71%
New Haven West Haven
70%
New Haven East Haven
69%
Fairfield Norwalk
68%
New Haven North Haven
61%
Hartford Windsor
61%
Middlesex Middletown
60%
Fairfield New Canaan
60%
Hartford Bristol
59%
Litchfield Litchfield
58%
Hartford New Britain
58%
Fairfield Darien
57%
New Haven Madison
56%
Tolland Tolland
56%
Fairfield Westport
56%
New London Groton
55%
New Haven Milford
55%
New London Norwich
54%
New Haven Orange
54%
Middlesex Essex
53%
Hartford Manchester
53%
Litchfield Washington
53%
Fairfield Newtown
52%
Litchfield Torrington
52%
New London Lyme
51%
New London Old Lyme
50%
Fairfield Weston
50%
Windham Windham
50%
Hartford Windsor Locks
50%
Fairfield Easton
49%
Fairfield Stratford
49%
New Haven Hamden
48%
Litchfield Kent
48%
Fairfield Monroe
48%
Fairfield Ridgefield
48%
Hartford Avon
47%
Hartford Enfield
47%
Hartford Farmington
47%
New London Stonington
47%
Litchfield Canaan
46%
New London East Lyme
46%
New Haven Meriden
46%
Middlesex Old Saybrook
46%
Hartford Southington
46%
New Haven Ansonia
45%
Fairfield Bethel
45%
Middlesex Chester
45%
Hartford Glastonbury
45%
Litchfield New Milford
45%
Hartford Berlin
44%
New Haven Cheshire
44%
Middlesex Clinton
44%
Fairfield New Fairfield
44%
New Haven Wallingford
44%
Litchfield Watertown
44%
New Haven Branford
43%
Fairfield Trumbull
43%
Fairfield Wilton
43%
New Haven Derby
42%
Hartford Granby
42%
New Haven Guilford
42%
Litchfield New Hartford
42%
Fairfield Shelton
42%
New Haven Middlebury
41%
Tolland Vernon
41%
New London Waterford
41%
Middlesex Haddam
40%
Tolland Mansfield
40%
New Haven Oxford
40%
Hartford South Windsor
40%
Tolland Union
40%
New London Colchester
39%
Hartford East Windsor
39%
Hartford Newington
39%
Windham Putnam
39%
Fairfield Redding
39%
Hartford Rocky Hill
39%
Litchfield Salisbury
39%
Fairfield Brookfield
38%
New Haven Naugatuck
38%
New Haven North Branford
38%
Middlesex Portland
38%
Hartford Simsbury
38%
Middlesex Cromwell
37%
Middlesex East Haddam
37%
Windham Killingly
37%
New London Salem
37%
New Haven Southbury
37%
Tolland Stafford
37%
Hartford Wethersfield
37%
Tolland Andover
36%
Hartford Bloomfield
36%
Windham Hampton
36%
Litchfield Norfolk
36%
Hartford Burlington
35%
Hartford East Granby
35%
Middlesex East Hampton
35%
New London Franklin
35%
Middlesex Middlefield
35%
New London North Stonington
35%
Hartford Plainville
35%
Windham Thompson
35%
Litchfield Woodbury
35%
Tolland Coventry
34%
Litchfield North Canaan
34%
Litchfield Plymouth
34%
Tolland Somers
34%
New Haven Woodbridge
34%
Windham Woodstock
34%
New London Lebanon
33%
Fairfield Sherman
33%
Hartford Suffield
33%
Litchfield Winchester
33%
Windham Ashford
32%
Litchfield Cornwall
32%
Tolland Ellington
32%
Middlesex Killingworth
32%
Hartford Marlborough
32%
New Haven Seymour
32%
Litchfield Bethlehem
31%
Tolland Bolton
31%
Windham Brooklyn
31%
Hartford Canton
31%
Middlesex Durham
31%
Windham Plainfield
31%
Litchfield Sharon
31%
Litchfield Thomaston
31%
Litchfield Warren
31%
Middlesex Westbrook
31%
Litchfield Barkhamsted
30%
New Haven Beacon Falls
30%
Windham Canterbury
30%
Middlesex Deep River
30%
Litchfield Goshen
30%
Litchfield Roxbury
30%
New Haven Wolcott
30%
New Haven Bethany
29%
Hartford Hartland
29%
New Haven Prospect
29%
New London Voluntown
29%
Litchfield Bridgewater
28%
Tolland Hebron
28%
New London Ledyard
28%
Litchfield Morris
28%
New London Montville
27%
Tolland Willington
27%
Tolland Columbia
26%
Windham Eastford
26%
Litchfield Harwinton
26%
Windham Pomfret
26%
New London Preston
26%
Litchfield Colebrook
25%
New London Griswold
25%
New London Lisbon
25%
Windham Scotland
25%
Windham Sterling
25%
New London Bozrah
23%
Windham Chaplin
21%
New London Sprague
20%
No matching quizzes found
Score Distribution
Percent of People with Each Score
Percentile by Number Answered
Your Score History
You have not taken this quiz since the last reset